000 00383nam a2200157Ia 4500
008 240729s9999 xx 000 0 und d
022 _a2312-7481
245 0 _aMagnetochemistry
260 _aSwitzerland
260 _bMDPI AG
650 _a Chemistry
650 _aScience
856 _uhttps://doaj.org/toc/2d1869db59304d948037e92ea588959d
942 _2ddc
942 _cDOAJEJ
999 _c74217
_d74217
945 _a1
_bMadushi Gamage
_c1
_dMadushi Gamage